[Event "Budapest-chT1 Lilienthal 1213"]
[Site "Budapest"]
[Date "2012.09.30"]
[Round "1"]
[White "Kiss, Martin"]
[Black "Boguszlavszkij, Gergely"]
[Result "1-0"]
[WhiteElo "1819"]
[BlackElo "1607"]
[PlyCount "57"]
[EventDate "2012.09.30"]
[EventType "team-tourn"]
[EventRounds "11"]
[EventCountry "HUN"]
[SourceTitle "EXT 2019"]
[Source "ChessBase"]
[SourceDate "2018.10.10"]
[SourceVersion "1"]
[SourceVersionDate "2018.10.10"]
[SourceQuality "1"]
[WhiteTeam "Budapest SENSE"]
[BlackTeam "Budapest Vasas II"]
[WhiteTeamCountry "HUN"]
[BlackTeamCountry "HUN"]

1. e4 c6 2. d4 d5 3. e5 c5 4. Bb5+ Bd7 5. Bxd7+ Nxd7 6. c3 e6 7. Nf3 Ne7 8. 0-0 Nf5 9. Qb3 Qb6 10. Qxb6 Nxb6 11. g4 Nh6 12. h3 Ng8 13. a4 h6 14. a5 Nd7 15. Be3 h5 16. Nbd2 c4 17. b3 b5 18. axb6 Nxb6 19. bxc4 dxc4 20. Rfb1 Nd5 21. Nxc4 Nxc3 22. Rb7 Nd5 23. Rab1 Bb4 24. R1xb4 Nxb4 25. Nd6+ Kd8 26. Nxf7+ Kc8 27. Nd6+ Kd8 28. Bg5+ Nf6 29. exf6 1-0